3 Movies, 1 Missing Word IX Quiz Stats

 Plays Quiz Updated Jan 8, 2018

Score 0/33 Timer 04:00
1 Play Today
% Correct
Force
95%
Story
94.9%
Life
94.6%
Aliens
94.3%
Lady
94.1%
Thirteen
94.1%
League
94.1%
Joe
93.9%
Pride
93.9%
Hard
93.4%
Twelve
93.2%
Team
92.7%
American
92.2%
Rabbit
92.2%
Children
91.9%
Lucky
91.9%
Wedding
90.7%
% Correct
Glory
90.5%
King's
90.2%
Death
88.9%
Miracle
88.8%
Stranger
88.4%
She's
87%
Kiss
86.8%
Money
86.2%
Company
85.4%
Dangerous
84.1%
Tango
84.1%
River
83.1%
Places
82.8%
Water
82.5%
Wonder
81.3%
Henry
78.2%

You're not logged in!

Compare scores with friends on all Sporcle quizzes.
OR
Log In

Sporcle TV

Today on Sporcle TV


Watch our educational content, quiz creation guides, and fun videos on Sporcle TV.

Show Comments

Extras

Top Quizzes Today


Score Distribution

Your Account Isn't Verified!

In order to create a playlist on Sporcle, you need to verify the email address you used during registration. Go to your Sporcle Settings to finish the process.

Report this User

Report this user for behavior that violates our Community Guidelines.

Details: